00306 a2200133 4500003000400000005001700004008004100021020001500062040000900077082001900086100001900105245003900124300000900163OSt20240823124539.0231018b |||||||| |||| 00| 0 eng d a9953420556 coclc a039.992bSAB/S1 aSabʻ, Ḥasan a5000 sūʼāl /cHassan al sabaa a462p